000 00585nam a22001691 4500
001 130115
003 ES-MaACL
007 t|
008 070718s1896 sp ||||0| spa d
016 7 _zIND9900849726
040 _aM-BN
_bspa
_cCDM
100 1 _aSoler y Freixa, José.
_9107200
245 1 0 _aDelegados comerciales
_b: proyecto para la creación de un Cuerpo de delegados comerciales para fomentar la exportación española /
_cpor José Soler y Freixa.
260 _aBarcelona :
_b[s.n.],
_c1896 (
_fTip. Española)
300 _a16 p. ;
_c21 cm.
852 _aES-MaACL
_jT-878-F-1
999 _c130115
_d130115